000 00679nam a2200253Ia 4500
003 OSt
005 20220924114230.0
006 a|||||r|||| 00| 0
007 ta
008 220923b |||||||| |||| 00| 0 urd d
020 _c5
024 _a320083
037 _cTextual
040 _aARTS
_cARTS
_burd
041 _2urd
_aurd
082 _aO168,3N28,1:g, L8
100 _aAzad Aslam Au.
_9172531
245 0 _aAangan
_bek tanqeedi jaizah
260 _aAllahabad
_bUrdu writers gild India
_c1978
300 _a80p.
_ccm.
650 _aURDU FICTION
_93298
942 _hO168,3N28,1:g, L8
_cTEXL
_2CC
999 _c392589
_d392589